Saltar al contenido
Inicio
Centros participantes
Catálogo
Servicios
Contacto
登錄
English
Deutsch
Español
Français
Italiano
日本語
Nederlands
Português
Português (Brasil)
中文(简体)
中文(繁體)
Türkçe
עברית
Gaeilge
Cymraeg
Ελληνικά
Català
Euskara
Русский
Čeština
Suomi
Svenska
polski
Dansk
slovenščina
اللغة العربية
বাংলা
Galego
Tiếng Việt
Hrvatski
हिंदी
Հայերէն
Українська
Sámegiella
語言
全文檢索
題名
作者
主題
索引號
ISBN/ISSN
標簽
檢索
高級檢索
Any pont entre dues legislatur...
引用
推薦此
打印
導出紀錄
導出到 RefWorks
導出到 EndNoteWeb
導出到 EndNote
加到收藏夾
Enlace Permanente
Agregar primera valuación
Any pont entre dues legislatures /
Guardado en:
書目詳細資料
主要作者:
Domínguez Garcia, Fernando
格式:
Texto
標簽:
添加標簽
沒有標簽, 成為第一個標記此記錄!
持有資料
實物特徵
您的評論
相似書籍
職員瀏覽
MARC
LEADER
00000 a a2200000 04500
001
43843
003
040
100
|a
Domínguez Garcia, Fernando
245
|a
Any pont entre dues legislatures /
|c
Fernando Domínguez Garcia
773
|g
(2010), páginas 43-74 : tablas, gráficos
999
|c
22791
|d
22791
相似書籍
Legislatures, judiciaries and innovations in horizontal accountability /
由: Méndez, Juan E.
The Instability of partisanship due to context
由: McBurnett, Michael
...E venne chiamata Due Cuori
由: Morgan, Marlo
出版: (2009)
Due estati a Siena : Livello 3/4
由: Andres, Roberta
出版: (1998)
Luis Marcó del Pont, especialista en criminología: el sistema actual reproduce y aumenta la violencia /
由: Oliva, Alexis